000 00579nam a2200181Ia 4500
008 090123s9999 xx 000 0 und d
082 _b10241
100 _aइचनुर शांता
245 _aबाळोंदु भावगीते
250 _a1
260 _bवृंदावन प्रकाशन
_c1984
300 _a154
600 _aइचनुर शांता
630 _aबाळोंदु भावगीते
700 _aइचनुर शांता
730 _aबाळोंदु भावगीते
942 _cBOOK
999 _c48307
_d48307